Die Deportation der Juden aus Deutschland : Pläne-Praxis-Reaktionen 1938-1945 / [Herausgeberinnen und verantwortliche Redakteurinnen dieses Bandes: Birthe Kundrus und Beate Meyer]
Record details
- ISBN: 3892447926
- Physical Description: 271 p. : maps ; 23 cm
- Publisher: Göttingen : Wallstein, 2004
Content descriptions
| Bibliography, etc. Note: | Includes bibliographical references and index. |
Search for related items by series
Available copies
- 1 of 1 copy available at Common Catalog SPOK.
Holds
- 0 current holds with 1 total copy.
Show Only Available Copies
| Location | Call Number / Copy Notes | Barcode | Shelving Location | Status | Due Date |
|---|---|---|---|---|---|
| Terezin Initiative Institute | 4547 | 4594304547 | Knihovna ITI | Available | - |
| LDR | 01291cam a22003254a 4500 | ||
|---|---|---|---|
| 001 | 49981 | ||
| 003 | CZ-PrJAB | ||
| 005 | 20221123100634.0 | ||
| 008 | 041001s2004 gw b b 001 0 ger | ||
| 020 | . | ‡a3892447926 ‡q(pbk.) | |
| 035 | . | ‡a(GyWOH)har040060810 | |
| 040 | . | ‡aDLC ‡cDLC | |
| 245 | 0 | 4. | ‡aDie Deportation der Juden aus Deutschland : ‡bPläne-Praxis-Reaktionen 1938-1945 / ‡c[Herausgeberinnen und verantwortliche Redakteurinnen dieses Bandes: Birthe Kundrus und Beate Meyer] |
| 260 | . | ‡aGöttingen : ‡bWallstein, ‡c2004 | |
| 300 | . | ‡a271 p. : ‡bmaps ; ‡c23 cm | |
| 490 | 1 | . | ‡aBeiträge zur Geschichte des Nationalsozialismus ; ‡vBd. 20 |
| 504 | . | ‡aIncludes bibliographical references and index. | |
| 700 | 1 | . | ‡aKundrus, Birthe ‡4com |
| 700 | 1 | . | ‡aMeyer, Beate, ‡d1952- ‡4com |
| 910 | . | ‡aABE340 ‡b4547 | |
| 995 | . | ‡aska | |
| 901 | . | ‡a49981 ‡bAUTOGEN ‡c49981 ‡tbiblio | |